| 000 | 00805nam a2200241 i 4500 | ||
|---|---|---|---|
| 001 | 13245 | ||
| 003 | ES-MaACL | ||
| 005 | 20250901050850.0 | ||
| 007 | t| | ||
| 008 | 970610s1996 sp |||| | spa j | ||
| 020 | _a84-88217-06-4 | ||
| 080 | _a396 | ||
| 245 | 0 | 4 |
_aLas mujeres y el estado _b: los límites cambiantes de lo público y lo privado / _cAnne Showstack Sassoon [dir.] ; [prólogo de Lidia Falcón]. |
| 260 |
_aMadrid : _bVindicación Feminista, _c[1996] |
||
| 300 |
_a347 p. ; _c21 cm. |
||
| 650 | 1 | 4 |
_aMujeres- _xSituación social. _915317 |
| 650 | 1 | 7 |
_aFeminismo _2embne _912744 |
| 700 | 1 |
_aShowstack Sassoon, Anne. _9106164 |
|
| 700 | 1 |
_aFalcón, Lidia, _d1935- _948707 |
|
| 710 | 2 |
_aVindicación Feminista _9170615 |
|
| 852 |
_aES-MaACL _jL-20595 |
||
| 999 |
_c13245 _d13245 |
||